Soloists in the Rock & Roll Hall of Fame - Statistics

General Stats
  • This quiz has been taken 1,095 times
    1,074 since last reset
  • The average score is 49 of 114
Answer Stats
year soloist % Correct
1986 Elvis Presley
85%
1994 John Lennon
85%
2001 Michael Jackson
85%
1999 Paul McCartney
85%
1994 Elton John
82%
2019 Janet Jackson
81%
2004 George Harrison
79%
2008 Madonna
73%
1987 Aretha Franklin
71%
1986 Buddy Holly
68%
1999 Bruce Springsteen
66%
1986 Chuck Berry
66%
2004 Prince
66%
1988 Bob Dylan
64%
1996 David Bowie
64%
2000 Eric Clapton
63%
1986 James Brown
63%
2007 Patti Smith
63%
2022 Carly Simon
61%
2022 Eminem
61%
1995 Janis Joplin
61%
2001 Paul Simon
61%
1993 Ruth Brown
61%
1987 BB King
60%
2021 Tina Turner
60%
2022 Dolly Parton
59%
1999 Billy Joel
58%
2021 Carole King
58%
2020 Whitney Houston
58%
2013 Albert King
57%
1987 Big Joe Turner
57%
1992 Johnny Cash
57%
1987 Marvin Gaye
57%
1989 Stevie Wonder
57%
1986 Jerry Lee Lewis
55%
1995 Neil Young
55%
1986 Ray Charles
54%
2006 Miles Davis
52%
1986 Little Richard
51%
1993 Van Morrison
51%
1993 Etta James
50%
1995 Al Green
48%
1987 Jackie Wilson
48%
1989 Otis Redding
48%
2017 Tupac Shakur
48%
2000 James Taylor
47%
1994 Bob Marley
46%
2021 Jay-Z
46%
1994 Rod Stewart
46%
1987 Roy Orbison
46%
2019 Stevie Nicks
46%
1997 Joni Mitchell
43%
1986 Fats Domino
42%
1987 Ricky Nelson
42%
1989 Dion
41%
1995 Frank Zappa
41%
1987 Muddy Waters
41%
2014 Peter Gabriel
41%
1986 Sam Cooke
41%
2020 The Notorious BIG
41%
2011 Alice Cooper
40%
2001 Ritchie Valens
40%
2013 Donna Summer
39%
2022 Lionel Richie
39%
2015 Lou Reed
39%
2011 Neil Diamond
38%
1987 Smokey Robinson
38%
1991 Jimmy Reed
37%
2014 Yusuf / Cat Stevens
37%
1999 Dusty Springfield
35%
2009 Jeff Beck
35%
2018 Nina Simone
35%
2002 Brenda Lee
34%
2017 Joan Baez
34%
1987 Bill Haley
32%
2004 Jackson Browne
32%
2008 Leonard Cohen
32%
2016 Steve Miller
32%
1987 Bo Diddley
31%
1987 Carl Perkins
31%
2014 Linda Ronstadt
31%
2004 Bob Seger
30%
2012 Donovan
30%
2008 John Mellencamp
29%
2022 Pat Benatar
29%
1987 Eddie Cochran
28%
2015 Bill Withers
27%
1991 LaVern Baker
27%
2000 Bonnie Raitt
26%
2011 Darlene Love
26%
1991 Wilson Pickett
26%
2002 Isaac Hayes
25%
2005 Percy Sledge
24%
1990 Bobby Darin
23%
1999 Curtis Mayfield
23%
2011 Dr John
23%
1998 Gene Vincent
23%
1991 John Lee Hooker
23%
2013 Randy Newman
23%
2005 Buddy Guy
22%
2011 Tom Waits
21%
2010 Jimmy Cliff
20%
1999 Del Shannon
19%
2009 Bobby Womack
18%
2002 Gene Pitney
18%
2021 Todd Rundgren
18%
1987 Clyde McPhatter
17%
1996 Little Willie John
17%
1998 Lloyd Price
17%
1994 Duane Eddy
16%
2012 Laura Nyro
16%
1990 Hank Ballard
15%
2001 Solomon Burke
15%
1992 Bobby "Blue" Bland
13%
No matching quizzes found
Score Distribution
Percent of People with Each Score
Percentile by Number Answered
Your Score History
You have not taken this quiz since the last reset